000 01060 a2200325 4500
999 _c63939
_d16906
001 63939
003 TR-AnTOB
005 20190919114616.0
008 071006s1997 tu 00110 tur
020 _a975753997X
040 _aTR-AnTOB
_cTR-AnTOB
041 _atur
050 0 _aHD9736.T8
_bÖ43 1997
090 _aHD9736.T8 Ö43 1997
245 0 _aOsmanlı sanayii :
_b1913, 1915 yılları sanayi istatistiki /
_cA.Gündüz Ökçün.
246 3 _aBindokuzyüzonüç, bindokuzyüzonbeş yıllarında sanayi istatistiki.
246 3 _a1913, 1915 yıllarında sanayi istatistiki.
264 1 _aAnkara :
_bSPK,
_c1997.
300 _a222 s.tabl.;
_c24 cm.
336 _2rdacontent
_atext
_btxt
337 _2rdamedia
_aunmediated
_bn
338 _2rdacarrier
_avolume
_bnc
490 0 _aSPK Yayın No ;
_v101
650 _aEndüstriyel istatistikler
_zTürkiye
_xTarih
_936957
650 _aIndustrial statistics
_zTurkey
_xHistory
_936958
710 2 _aSermaye Piyasası Kurulu (Türkiye)
_917794
901 _a0019613
942 _cBK
_2lcc